LEADER 01820nam a2200289 i 4500 001 000000248437 003 CaOOAMICUS 005 20160324000000.0 008 160324s1749 it u000 u ita u 013 $a227342 026 $ab-er onus emno F*mu (3) 1749 (R) 040 $aSeMil$bita 245 10$aRituale romano illustrato con comentarj appoggiati sulle autorità e dottrine del Concilio di Trento, Catechismo romano, decreti delle Sagre congregazioni di Roma, e sulle sentenze di autori li più classici, e gravi, per uso de parrochi e confessori. 250 $aNova edizione proposta dall'eminentiss. e reverendiss. sig. cardinale Delfino patriarca d'Aquileja premunito d'avvisi pastorali del medesimo a' parrochi della sua diocesi. 260 $aIn Venezia :$bPresso Tommaso Bettinelli. All'Insegna del S. Ignazio,$c1749. 300 $aXX, 325, [3] p. ;$c4º. 500 $aSegn. : *4**6 A-2S4 (2S4v bianco). 650 4$aRituale romano - Commentari e studi.$0(OLS)http://semarc/subject/5290 700 1 $aDolfin, Daniele <1688-1762>.$0(OLS)http://semarc/name/83077 700 1 $aAquileia .$0(OLS)http://semarc/name/66093 700 1 $aBettinelli, Tommaso,$c.$0(OLS)http://semarc/name/2825 850 $aSeMil 852 $aSeMil$W1$xVenegono$y1$m3K III 24 FA$j198783$B198783$CSeMilBibl$Z2$F210058 $8I 941 1 $a10 961 $aRecupero: Mantegazza 996 $6245$aRituale romano illustrato con comentarj appoggiati sulle autorità e dottrine del Concilio di Trento, Catechismo romano, decreti delle Sagre congregazioni di Roma, e sulle sentenze di autori li più classici, e gravi, per uso de parrochi e confessori$9(OLS)http://semarc/title/350590 996 $6260$aIn Venezia :$bPresso Tommaso Bettinelli. All'Insegna del S. Ignazio$9(OLS)http://semarc/publisher/55261 LEADER 01082nam a2200205 i 4500 001 000000052883 003 CaOOAMICUS 005 20120827000000.0 008 120827s1919 xx u000 u lat u 013 $a24055 040 $aSeMil$bita 100 1 $aCarbone, Cesare.$0(OLS)http://semarc/name/6653 245 10$aPraxis ordinandorum ea omnia potissimum complectens que clericis scitu necessaria seu utilia habentur pro experimentis ordinationibus praemittendis ad canones codicis iuris canonici redacta /$cauctore Caesare Carbone. 260 $aTaurini :$bMarietti,$c1919. 300 $aXV, 244 p. ;$c18 cm. 650 4$aOrdinandi.$0(OLS)http://semarc/subject/10472 850 $aSeMil 852 $aSeMil$W1$xVenegono$y1$m2H II 101$j19037$B19037$CSeMilBibl$Z2$F19039 $81 996 $6245$aPraxis ordinandorum ea omnia potissimum complectens que clericis scitu necessaria seu utilia habentur pro experimentis ordinationibus praemittendis ad canones codicis iuris canonici redacta$9(OLS)http://semarc/title/81306 996 $6260$aTaurini :$bMarietti$9(OLS)http://semarc/publisher/35271